00570 2200217 4500001002100000005001500021035002000036007000300056008004100059020002200100082001200122084001800134100004400152245003400196250001100230260003700241300002100278600003400299856000800333990001100341INLIS00000000000037920260413091958 a0010-0426000038ta260413 0  a978-602-1243-15-2 a297.125 a297.125 SYA s0 aSYAIKH 'ABDURRAHMAN BIN NASHIR AS-SA'DI1 a99 HADIS PEDOMAN HIDUP MUSLIM aKEENAM aSOLO :bFATIHA PUBLISHING,c2016 a354 hlm ;c23 cm 4a99 HADIS PEDOMAN HIDUP MUSLIM a300 a35.116